| 000 | 01222cam a2200289 a 4500 | ||
|---|---|---|---|
| 999 |
_c329473 _d329473 |
||
| 001 | 14770575 | ||
| 003 | NUST | ||
| 005 | 20170509120445.0 | ||
| 008 | 070315s2008 maua b 001 0 eng | ||
| 010 | _a 2007011157 | ||
| 020 | _a9780763744519 | ||
| 020 | _a0763744514 | ||
| 035 | _a(OCoLC)ocm86090486 | ||
| 035 | _a(OCoLC)86090486 | ||
| 040 |
_aDLC _cDLC _dBTCTA _dBAKER _dYDXCP _dC#P _dDLC |
||
| 050 | 0 | 0 |
_aQC174.12 _b.R44 2008 |
| 082 | 0 | 0 |
_a530.12 CAM _222 |
| 100 | 1 |
_aReed, Bruce Cameron. _9176 |
|
| 245 | 1 | 0 |
_aQuantum mechanics / _cBruce Cameron Reed. |
| 260 |
_aSudbury, Mass. : _bJones and Bartlett Publishers, _cc2008. |
||
| 300 |
_axiv, 422 p. : _bill. ; _c24 cm. |
||
| 500 | _aH.B | ||
| 504 | _aIncludes bibliographical references (p. 407-410) and index. | ||
| 650 | 0 |
_aQuantum theory. _9177 |
|
| 650 | 0 |
_aMathematical statistics. _961 |
|
| 856 | 4 | 1 |
_3Table of contents only _uhttp://www.loc.gov/catdir/toc/ecip0713/2007011157.html |
| 906 |
_a7 _bcbc _corignew _d1 _eecip _f20 _gy-gencatlg |
||
| 942 |
_2ddc _cBK _k530.12 CAM |
||